Music Artists by Song - J - Statistics

General Stats
  • This quiz has been taken 104 times
  • The average score is 14 of 30
Answer Stats
Songs Artist % Correct
Empire State Of Mind / Ni**as In Paris / Run This Town JAY-Z
88%
Don't Stop Believin' / Separate Ways / Any Way You Want It Journey
86%
SexyBack / Rock Your Body / Mirrors Justin Timberlake
85%
Someone To Call My Lover / All For You / That's The Way Love Goes Janet Jackson
74%
Imagine / Beautiful Boy / Woman John Lennon
74%
I Love Rock 'N Roll / Bad Reputation / I Hate Myself for Loving You Joan Jett & the Blackheaers
73%
Beauty And A Beat / Sorry / Love Yourself Justin Bieber
72%
I Want You Back / ABC / I'll Be There The Jackson 5
70%
All Along the Watchtower / Purple Haze / Hey Joe Jimi Hendrix
68%
Hurt / Ring of Fire / Highwayman Johnny Cash
68%
Bang Bang / Price Tag / Domino Jessie J
61%
On The Floor / Let's Get Loud / We Are One (Ole Ola) Jennifer Lopez
59%
Are You Gonna Be My Girl / Cold Hard Bitch / Look What You've Done Jet
57%
Supercalifragilisticexpialidocious / A Spoonful of Sugar / Do-Re-Mi Julie Andrews
51%
I Got You (I Feel Good) / It's A Man's, Man's, Man's World / Try Me James Brown & The Famous Flames
50%
Lucid Dreams / All Girls Are The Same / Robbery Juice WRLD
47%
Talk Dirty / Whatcha Say / Want to Want Me Jason Derulo
43%
Time in a Bottle / Operator (That's Not the Way It Feels) / Bad, Bad Leroy Brown Jim Croce
36%
No Role Modelz / Work Out / Wet Dreamz J. Cole
35%
3D / Lovin On Me / First Class Jack Harlow
34%
golden hour / this is what falling in love feels like / her JVKE
32%
The Middle / Sweetness / Hear You Me Jimmy Eat World
23%
Upside Down / Better Together / Banana Pancakes Jack Johnson
20%
I Can See Clearly Now / Stir It Up / Hold Me Tight Johnny Nash
18%
Back on 74 / Let's Go Back / I've Been In Love Jungle
12%
Lover, You Should've Come Over / Forget Her / Everybody Here Wants You Jeff Buckley
11%
Oh Klahoma / Buttercup / Baby Hotline Jack Stauber
7%
Honeypie / Anything You Want / adios JAWNY
5%
Get Money / Crush On You / Player's Anthem Junior M.A.F.I.A
5%
Ma Belle Evangeline / Gonna Take You There / Savages - Pt. 1 Jim Cummings
4%
No matching quizzes found
Score Distribution
Percent of People with Each Score
Percentile by Number Answered
Your Score History
You have not taken this quiz